| 000 | 00656nam a22002057a 4500 | ||
|---|---|---|---|
| 942 | _cBK | ||
| 999 |
_c786 _d786 |
||
| 005 | 20250420134825.0 | ||
| 008 | 211118b ||||| |||| 00| 0 eng d | ||
| 020 | _a9780521097857 | ||
| 040 | _cKCST | ||
| 082 |
_a301.045 _bGi Ca |
||
| 100 |
_aGiddens, Anthony _95620 |
||
| 245 |
_aCapitalism and modern social theory : _ban analysis of the writings of Marx, Durkheim and Max Weber / _cAnthony Giddens |
||
| 260 |
_aCambridge [U.K.] : _bUniversity Press, _c 1971. |
||
| 300 | _a261 p. | ||
| 650 |
_aMarx, Karl _y1818-1883. _95621 |
||
| 650 |
_aDurkheim, Émile _y 1858-1917. _95622 |
||
| 650 |
_aWeber, Max _y1864-1920. _95623 |
||
| 942 | _2ddc | ||